000 00296nam a22001337a 4500
008 170405b xxu||||| |||| 00| 0 eng d
020 _a9780813428741
041 _aeng
080 _24 ED
_a574
100 _a9
101 _aSHM
245 _aPRODUCING FARMS CROPS
_cBOONE.L.V
942 _2udc
_cBK
999 _c9811
_d9811